| 000 | 00720cab a2200241 4500 | ||
|---|---|---|---|
| 001 | WB2818-01 | ||
| 008 | 090401t1992 xxu||||| |||| 00| 0 eng d | ||
| 035 | _a(Sirsi) u531 | ||
| 041 | _aeng | ||
| 245 | _aSoftware answer to auctioneer`s hammer | ||
| 260 | _c1992 | ||
| 350 | _a0 | ||
| 490 |
_aGuardian _v2 May 1992, 33(1) |
||
| 520 | _aLooks at the growth in electronic auctions replacing the traditional cattle auction. Sets out the advantages. Profiles Electronic Auction Systems Europe (Ease). | ||
| 650 | _aCOMPUTERS | ||
| 650 | _aEASE | ||
| 650 | _aELECTRONIC AUCTIONS | ||
| 650 | _aLIVESTOCK AUCTIONS | ||
| 690 |
_aAuctioneering _96218 |
||
| 690 | _aRURAL PRACTICE | ||
| 942 | _n0 | ||
| 948 | _c04/03/1997 | ||
| 999 |
_c244 _d244 |
||